wszyscy zwyciężcy 1 ligi sezony1949-25/26 - Statystyki

Ogólne statystyki
  • Ten quiz został rozwiązany 23 razy
    4 od ostatniego zresetowania
  • Średni wynik to 96 z 113
Statystyki odpowiedzi
ROK KLUB KTÓRY WYGRAŁ % Poprawnych
1973/1974 GR PŁN | 1975/1976 GR PŁN | 2015/2016 | 2024/2025 ARKA GDYNIA
100%
1957 GR PŁD | 1965/1966 | 1981/1982 GR II CRACOVIA
100%
1952 GR IV GARBARNIA KRAKÓW
100%
1977/1978 GR PŁD | 1981/1982 GR I GKS KATOWICE
100%
1978/1979 GR II GÓRNIK ZABRZE
100%
1989/1990 HUTNIK KRAKÓW
100%
1986/1987 GR II JAGIELLONIA BIAŁYSTOK
100%
1951 GR I | 1983/1984 GR I | 2007/2008 | 2023/2024 LECHIA GDAŃSK
100%
1960 GR PŁN | 2001/2002 LECH POZNAŃ
100%
2010/2011 | 2022/2023 ŁKS ŁÓDŹ
100%
1952 GR III | 1955 | 1959 GR PŁN | +2 others ODRA OPOLE
100%
1995/1996 GR ZACH ODRA WODZISŁAW ŚLĄSKI
100%
2011/2012 PIAST GLIWICE
100%
1958 GR PŁN | 1962 GR B | 1980/1981 GR I | +2 others POGOŃ SZCZECIN
100%
1992/1993 GR WSCH | 1995/1996 GR WSCH POLONIA WARSZAWA
100%
1983/1984 GR II | 2020/2021 RADOMIAK RADOM
100%
1993/1994 GR ZACH | 2018/2019 RAKÓW CZĘSTOCHOWA
100%
1987/1988 GR I | 2006/2007 RUCH CHORZÓW
100%
1963/1964 | 1994/1995 GR ZACH | 1999/2000 ŚLĄSK WROCŁAW
100%
1960 GR PŁD | 1984/1985 GR II | 1987/1988 GR II | 2019/2020 STAL MIELEC
100%
1962 GR A | 1974/1975 GR PŁD STAL RZESZÓW
100%
1993/1994 GR WSCH STOMIL OLSZTYN
100%
1962/1963 | 1972/1973 | 1986/1987 GR I SZOMBIERKI BYTOM
100%
1992/1993 GR ZACH WARTA POZNAŃ
100%
1974/1975 GR PŁN | 2005/2006 | 2008/2009 | 2009/2010 WIDZEW ŁÓDŹ
100%
1964/1965 | 2025/2026 WISŁA KRAKÓW
100%
1984/1985 GR I | 1988/1989 GR I | 2014/2015 ZAGŁĘBIE LUBIN
100%
1954 | 1959 GR PŁD | 1988/1989 GR II ZAGŁĘBIE SOSNOWIEC
100%
1952 GR I | 1976/1977 GR PŁN | 1978/1979 GR I | 2012/2013 ZAWISZA BYDGOSZCZ
100%
1979/1980 GR I BAŁTYK GDYNIA
67%
1996/1997 GR ZACH | 1998/1999 GR ZACH DYSKOBOLIA GRODZISK WIELKOPOLSKI
67%
1994/1995 GR WSCH | 1997/1998 GR WSCH | 2013/2014 GKS BEŁCHATÓW
67%
1973/1974 GR PŁD GKS TYCHY
67%
2002/2003 GÓRNIK POLKOWICE
67%
1951 GR II | 1952 GR II | 1961 | +4 others GWARDIA WARSZAWA
67%
2004/2005 KORONA KIELCE
67%
2017/2018 | 2021/2022 MIEDŹ LEGNICA
67%
1979/1980 GR II | 1982/1983 GR II MOTOR LUBLIN
67%
1985/1986 GR I OLIMPIA POZNAŃ
67%
1950 | 1956 | 1976/1977 GR PŁD | 1985/1986 GR II POLONIA BYTOM
67%
2000/2001 RKS RADOMSKO
67%
1969/1970 | 1971/1972 ROW RYBNIK
67%
1997/1998 GR ZACH RUCH RADZIONKÓW
67%
1991/1992 GR WSCH SIARKA TARNOBRZEG
67%
1990/1991 STAL STALOWA WOLA
67%
1996/1997 GR WSCH | 1998/1999 GR WSCH WISŁA PŁOCK
67%
1949 | 1958 GR PŁD GÓRNIK RADLIN
33%
1951 GR III | 1982/1983 GR I GÓRNIK WAŁBRZYCH
33%
1953 | 1957 GR PŁN POLONIA BYDGOSZCZ
33%
2016/2017 SANDECJA NOWY SĄCZ
33%
1951 GR IV WAWEL KRAKÓW
33%
1967/1968 ZAGŁĘBIE WAŁBRZYCH
33%
Nie znaleziono quizów pasujących do podanych kryteriów
Rozkład punktacji
Procent ludzi z każdym wynikiem
Percentyl według liczby udzielonych odpowiedzi
Twoja historia wyników
Nie rozwiązałeś tego quizu od ostatniego zresetowania